Central Library OPAC University of Rajshahi

Glossary of genetics in English, French, Spanish, Italian, German, Russian / (Record no. 75202)

MARC details
000 -LEADER
fixed length control field 01098nam a2200301 a 4500
001 - CONTROL NUMBER
control field 75202
003 - CONTROL NUMBER IDENTIFIER
rucl marc code BD-RjUL
005 - DATE AND TIME OF LATEST TRANSACTION
control field 20211209082647.0
008 - FIXED-LENGTH DATA ELEMENTS--GENERAL INFORMATION
fixed length control field 190131s1970 ne d 000 0 eng
020 ## - INTERNATIONAL STANDARD BOOK NUMBER
Canceled/invalid ISBN 44440712X
Terms of availability 85.00
035 ## - SYSTEM CONTROL NUMBER
System control number (BD-RjUL)75420
040 ## - CATALOGING SOURCE
Original cataloging agency DLC/ICU
Transcribing agency ICU
Modifying agency DLC
-- BD-RjUL
Language of cataloging eng
041 0# - LANGUAGE CODE
Language code of text/sound track or separate title engfrespaitagerrus
082 00 - DEWEY DECIMAL CLASSIFICATION NUMBER
Edition number 23
Classification number 576.503
Author mark and year BIG 1970
100 2# - MAIN ENTRY--PERSONAL NAME
Personal name Biass-Ducroux, Françoise.
9 (RLIN) 227556
245 10 - TITLE STATEMENT
Title Glossary of genetics in English, French, Spanish, Italian, German, Russian /
Statement of responsibility, etc. Compiled and arranged by Françoise Biass-Ducroux in collaboration with Klaus Napp-Zinn. Russian translation by Nikolaj V. Luchnik.
260 ## - PUBLICATION, DISTRIBUTION, ETC. (IMPRINT)
Place of publication, distribution, etc. Amsterdam;
-- New York :
Name of publisher, distributor, etc. Elsevier Pub. Co.,
Date of publication, distribution, etc. 1970.
300 ## - PHYSICAL DESCRIPTION
Pagination x, 436 p.;
Size 20 cm.
490 1# - SERIES STATEMENT
Series statement Glossaria interpretum
Volume/sequential designation 16
650 #0 - SUBJECT ADDED ENTRY--TOPICAL TERM
Topical term or geographic name as entry element Genetics
General subdivision Dictionaries
-- Polyglot.
9 (RLIN) 227557
Topical term or geographic name as entry element Dictionaries, Polyglot.
9 (RLIN) 227558
700 2# - ADDED ENTRY--PERSONAL NAME
Personal name Napp-Zinn, Klaus,
Dates associated with a name 1927-1993.
830 #0 - SERIES ADDED ENTRY--UNIFORM TITLE
Uniform title Glossaria interpretum ;
Volume number/sequential designation 16.
942 ## - ADDED ENTRY ELEMENTS (KOHA)
Source of classification or shelving scheme Dewey Decimal Classification
Koha item type Books
Holdings
Lost status Source of classification or shelving scheme Damaged status Not for loan Collection code Permanent Location Current Location Shelving location Date acquired Source of acquisition Total Checkouts Full call number Date last seen Copy number Koha item type
  Dewey Decimal Classification   Not For Loan Non-fiction Central Library, University of Rajshahi Central Library, University of Rajshahi Reading Room 30/10/1980 Netherland   576.503 BIG 1970 31/01/2019 C-1 Books